Statistics for Random First-Level Subdivisions of the World Are Missing

Click here to take the quiz!

General Stats

  • This quiz has been taken 300 times
  • The average score is 6 of 50

Answers on the Map

Answers color-coded by a green-red scale on the quiz's map according to % correct below.
 

Answer Stats

Subdivision% Correct
Abidjan
100%
Acre
100%
Alaska
100%
Andorra la Vella
100%
Appenzell Ausserrhoden
100%
Aqaba
100%
Arkhangelsk
100%
Baden-Württemberg
100%
Bangkok
100%
Basra
100%
Beja
100%
Budapest
100%
Canelones
100%
Centrale
100%
Chartered Community of Navarre
100%
Chihuahua
100%
Chittagong
100%
Cocos (Keeling) Islands
100%
Concepción
100%
Dobrich
100%
Donetsk
100%
Eastern
100%
Erbil
100%
Est
100%
Eua
100%
Extremadura
100%
Florida
100%
Friesland
100%
Galicia
100%
Gao
100%
Gilgit-Baltistan
100%
Goiás
100%
Gomel
100%
Govi-Altai
100%
Guerrero
100%
Hebei
100%
Heilongjiang
100%
Henan
100%
Idaho
100%
Inner Mongolia
100%
Iowa
100%
Isfahan
100%
Jardin Exotique
100%
Kansas
100%
Karaganda
100%
Katavi
100%
Kaunas
100%
Kebili
100%
Kiev
100%
Komárom-Esztergom
100%
Komi
100%
Konya
100%
La Paz
100%
Lesser Poland
100%
Ljubljana
100%
Lovech
100%
Luhansk
100%
Lunda Sul
100%
Ma'an
100%
Manitoba
100%
Michigan
100%
Mississippi
100%
Missouri
100%
Mogilev
100%
Montana
100%
Monte-Carlo
100%
Moscow
100%
Nebraska
100%
Nevada
100%
New Brunswick
100%
New Mexico
100%
Nitra
100%
North Dakota
100%
North Ossetia-Alania
100%
Nouvelle-Aquitaine
100%
Oaxaca
100%
Odessa
100%
Ontario
100%
Örebro
100%
Oregon
100%
Paraná
100%
Podlaskie
100%
Pool
100%
Principality of Asturias
100%
River Nile
100%
Saarland
100%
Santa Catarina
100%
Šavnik
100%
Schleswig-Holstein
100%
Scotland
100%
Sikkim
100%
Sinaloa
100%
Sirte
100%
Sud
100%
Syddanmark
100%
Tasmania
100%
Tennessee
100%
Tete
100%
Thuringia
100%
Tuva
100%
Uttarakhand
100%
Vaduz
100%
Västra Götaland
100%
Vichada
100%
Voronezh
100%
Wadi al Shatii
100%
Wajir
100%
Wales
100%
Wallonia
100%
West New Britain
100%
Wyoming
100%
Yunnan
100%
Zabaykalsky
100%
Zala
100%
Zambezi
100%
Lower Austria
67%
Maharashtra
67%
Agaléga
50%
Arica and Parinacota
50%
Belgorod
50%
Donga
50%
Fès-Meknès
50%
Florești
50%
Ghanzi
50%
Guizhou
50%
Hradec Králové
50%
Kaffrine
50%
Kirkuk
50%
Lapland
50%
Logone Oriental
50%
Maine
50%
New South Wales
50%
Perm
50%
Putumayo
50%
Satakunta
50%
Styria
50%
Troms og Finnmark
50%
Tyrol
50%
Western North
50%
Dakar
33%
Hà Nội
33%
Northern
33%
Burgas
25%
Kayin
25%
A'ana
0%
Aargau
0%
Abaiang
0%
Abemama
0%
Abia
0%
Abim
0%
Abkhazia
0%
Abruzzo
0%
Absheron
0%
Abu Dhabi
0%
Abyan
0%
Aceh
0%
Acklins
0%
Acquaviva
0%
Adamawa
0%
Adamawa
0%
Adana
0%
Ādaži
0%
Ad Dakhiliyah
0%
Ad Dawhah
0%
Ad Dhahirah
0%
Addis Ababa
0%
Addu
0%
Aden
0%
Adıyaman
0%
Adjara
0%
Adjumani
0%
Adrar
0%
Adrar
0%
Adygea
0%
Aerodrom
0%
Afar
0%
Afyonkarahisar
0%
Agadez
0%
Agago
0%
Agdam
0%
Agdash
0%
Agder
0%
Aghjabadi
0%
Aglona
0%
Ağrı
0%
Agstafa
0%
Agsu
0%
Água Grande
0%
Aguascalientes
0%
Ahafo
0%
Ahal
0%
Ahmadi
0%
Ahuachapán
0%
Aichi
0%
Aiga-i-le-Tai
0%
Aileu
0%
Ailinglaplap Atoll
0%
Ailuk Atoll
0%
Aimeliik
0%
Ainaro
0%
Aïn Defla
0%
Aïn Témouchent
0%
Airai
0%
Aiwo
0%
Aizkraukle
0%
Aizpute
0%
Ajdovščina
0%
Ajloun
0%
Ajman
0%
Akita
0%
Akkar
0%
Akmola
0%
Aknīste
0%
Akrahreppur
0%
Akranes
0%
Akrotiri and Dhekelia
0%
Aksaray
0%
Aktobe
0%
Akureyri
0%
Akwa Ibom
0%
Alabama
0%
Alagoas
0%
Alajuela
0%
Al Anbar
0%
Åland Islands
0%
Alaotra-Mangoro
0%
Al Asimah
0%
Alba
0%
Al Batinah North
0%
Al Batinah South
0%
Al Bayda
0%
Alberta
0%
Alborz
0%
Al Buraymi
0%
Al Daayen
0%
Alebtong
0%
Aleppo
0%
Alexandria
0%
Algiers
0%
Al-Hasakah
0%
Al Hudaydah
0%
Alibori
0%
Ali Sabieh
0%
Al Jawf
0%
Al Jazirah
0%
Al Khor
0%
Al Mahrah
0%
Al Mahwit
0%
Almaty
0%
Almaty
0%
Aloja
0%
Al Qadarif
0%
Al-Qādisiyyah
0%
Al Rayyan
0%
Al-Shahaniya
0%
Al Shamal
0%
Alsunga
0%
Altai
0%
Altai
0%
Alta Verapaz
0%
Alto Paraguay
0%
Alto Paraná
0%
Alūksne
0%
Al Wahat
0%
Al Wakrah
0%
Al Wusta
0%
Alytus
0%
Amambay
0%
Amanat Al Asimah
0%
Amapá
0%
Amasya
0%
Amata
0%
Amazonas
0%
Amazonas
0%
Amazonas
0%
Amazonas
0%
American Samoa
0%
Amhara
0%
Amman
0%
Amnat Charoen
0%
Amolatar
0%
Amoron'i Mania
0%
Amran
0%
Amudat
0%
Amur
0%
Amuria
0%
Amuru
0%
Anabar
0%
Analamanga
0%
Analanjirofo
0%
Anambra
0%
Ancash
0%
Andalusia
0%
Andaman and Nicobar Islands
0%
Andhra Pradesh
0%
Andijan
0%
Andrijevica
0%
Androy
0%
Anenii Noi
0%
Anetan
0%
Angaur
0%
An Giang
0%
Ang Thong
0%
Anguilla
0%
Anhui
0%
Anibare
0%
Anjouan
0%
Ankara
0%
Ankaran
0%
Annaba
0%
Annobón
0%
Anosy
0%
Anse aux Pins
0%
Anseba
0%
Anse Boileau
0%
Anse Etoile
0%
Anse la Raye
0%
Anse Royale
0%
Antalya
0%
Antioquia
0%
Antofagasta
0%
Anzoátegui
0%
Aomori
0%
Aosta Valley
0%
Apac
0%
Apače
0%
Ape
0%
Appenzell Innerrhoden
0%
Apulia
0%
Apure
0%
Apurímac
0%
Aračinovo
0%
Arad
0%
Aragatsotn
0%
Aragon
0%
Aragua
0%
Aranuka
0%
Ararat
0%
Arauca
0%
Araucanía
0%
Árborg
0%
Ardabil
0%
Ardahan
0%
Arequipa
0%
Argeș
0%
Ariana
0%
Ari Atholhu Dhekunuburi
0%
Ari Atholhu Uthuruburi
0%
Arima
0%
Arizona
0%
Arkansas
0%
Arkhangai
0%
Armavir
0%
Árneshreppur
0%
Arno Atoll
0%
Arorae
0%
Arta
0%
Artemisa
0%
Artibonite
0%
Artigas
0%
Artvin
0%
Arua
0%
Aruba
0%
Arunachal Pradesh
0%
Arusha
0%
Ásahreppur
0%
Ashanti
0%
Ashgabat
0%
Ash Sharqiyah North
0%
Ash Sharqiyah South
0%
Asir
0%
Assaba
0%
Assam
0%
As-Suwayda
0%
Astara
0%
Astrakhan
0%
Aswan
0%
Asyut
0%
Atacama
0%
Atakora
0%
Atlántico
0%
Atlántida
0%
Atlantique
0%
Atsimo-Andrefana
0%
Atsimo-Atsinanana
0%
Atsinanana
0%
Attapeu
0%
Attica
0%
Atua
0%
Atyrau
0%
Au Cap
0%
Auce
0%
Auckland
0%
Aur Atoll
0%
Australian Capital Territory
0%
Autonomous Region of Bougainville
0%
Auvergne-Rhône-Alpes
0%
Aveiro
0%
Awdal
0%
Ayacucho
0%
Aydın
0%
Ayeyarwady
0%
Aysén
0%
Azad Jammu and Kashmir
0%
Azores
0%
Azua
0%
Azuay
0%
Ba
0%
Baalbek-Hermel
0%
Babek
0%
Babil
0%
Babīte
0%
Bacău
0%
Bács-Kiskun
0%
Badakhshan
0%
Badghis
0%
Bafatá
0%
Baghdad
0%
Baghlan
0%
Bagmati
0%
Bago
0%
Bahah
0%
Bahia
0%
Bahr el Gazel
0%
Baie Lazare
0%
Baie Sainte Anne
0%
Baikonur
0%
Baitsi
0%
Baja California
0%
Baja California Sur
0%
Baja Verapaz
0%
Bakool
0%
Baku
0%
Balakan
0%
Baldone
0%
Balearic Islands
0%
Bali
0%
Balıkesir
0%
Balkan
0%
Balkh
0%
Balochistan
0%
Balqa
0%
Bălți
0%
Baltinava
0%
Balvi
0%
Balzers
0%
Bamako
0%
Bamingui-Bangoran
0%
Bamyan
0%
Banaadir
0%
Banaba
0%
Bangka Belitung Islands
0%
Bangsamoro Autonomous Region in Muslim Mindanao
0%
Bangui
0%
Banjul
0%
Banská Bystrica
0%
Banteay Meanchey
0%
Banten
0%
Baoruco
0%
Bar
0%
Barahona
0%
Baranya
0%
Barbuda
0%
Barda
0%
Bari
0%
Bà Rịa-Vũng Tàu
0%
Barima-Waini
0%
Barinas
0%
Baringo
0%
Barisal
0%
Bartın
0%
Basarabeasca
0%
Basel-Landschaft
0%
Basel-Stadt
0%
Bashkortostan
0%
Basilicata
0%
Basque Autonomous Community
0%
Bas-Sassandra
0%
Basse-Kotto
0%
Bas-Uele
0%
Batha
0%
Batken
0%
Batman
0%
Batna
0%
Battambang
0%
Baucau
0%
Bauchi
0%
Bauska
0%
Bavaria
0%
Bay
0%
Bayankhongor
0%
Bayan-Ulgii
0%
Bayburt
0%
Bayelsa
0%
Bay Islands
0%
Bay of Plenty
0%
Bắc Giang
0%
Bắc Kạn
0%
Bạc Liêu
0%
Bắc Ninh
0%
Beau Vallon
0%
Béchar
0%
Beheira
0%
Beijing
0%
Beirut
0%
Béja
0%
Béjaïa
0%
Békés
0%
Bel Air
0%
Belait
0%
Belgrade
0%
Belize
0%
Bel Ombre
0%
Beltinci
0%
Ben Arous
0%
Bender
0%
Benedikt
0%
Benghazi
0%
Bengkulu
0%
Bengo
0%
Benguela
0%
Beni
0%
Béni Abbès
0%
Béni Mellal-Khénifra
0%
Benishangul-Gumuz
0%
Beni Suef
0%
Benue
0%
Beqaa
0%
Berane
0%
Berat
0%
Berea
0%
Berlin
0%
Bermuda
0%
Bern
0%
Berovo
0%
Berry Islands
0%
Beru
0%
Betio
0%
Betsiboka
0%
Beverīna
0%
Beylagan
0%
Bicol
0%
Bié
0%
Bihar
0%
Bihor
0%
Bijelo Polje
0%
Bilasuvar
0%
Bilecik
0%
Bimini
0%
Bingöl
0%
Bình Định
0%
Bình Dương
0%
Bình Phước
0%
Bình Thuận
0%
Biobío
0%
Bioko Norte
0%
Bioko Sur
0%
Biombo
0%
Bishkek
0%
Biskra
0%
Bissau
0%
Bistrica ob Sotli
0%
Bistrița-Năsăud
0%
Bitlis
0%
Bitola
0%
Bizerte
0%
Bjelovar-Bilogora
0%
Black Point
0%
Blagoevgrad
0%
Bláskógabyggð
0%
Bled
0%
Blekinge
0%
Blida
0%
Bloke
0%
Blönduósbær
0%
Blue Nile
0%
Bến Tre
0%
Boaco
0%
Boa Vista
0%
Bobonaro
0%
Bocas del Toro
0%
Boe
0%
Boeny
0%
Bogdanci
0%
Bogovinje
0%
Bohinj
0%
Boké
0%
Bokèo
0%
Bolama
0%
Bolikhamxai
0%
Bolívar
0%
Bolívar
0%
Bolívar
0%
Bolu
0%
Bolungarvík
0%
Bomet
0%
Bomi
0%
Bonaire
0%
Bong
0%
Bongolava
0%
Bono
0%
Bono East
0%
Boquerón
0%
Bor
0%
Bordj Baji Mokhtar
0%
Bordj Bou Arréridj
0%
Borgarbyggð
0%
Borgarfjarðarhreppur
0%
Borgo Maggiore
0%
Borgou
0%
Borkou
0%
Borno
0%
Borovnica
0%
Borsod-Abaúj-Zemplén
0%
Bosilovo
0%
Botoșani
0%
Boucle du Mouhoun
0%
Bouenza
0%
Bouïra
0%
Boumerdès
0%
Bourgogne-Franche-Comté
0%
Bovec
0%
Boyacá
0%
Braga
0%
Bragança
0%
Brăila
0%
Brakna
0%
Brandenburg
0%
Braničevo
0%
Braslovče
0%
Brașov
0%
Bratislava
0%
Brava
0%
Brazzaville
0%
Brčko
0%
Brda
0%
Bremen
0%
Brest
0%
Brežice
0%
Brezovica
0%
Briceni
0%
British Columbia
0%
British Virgin Islands
0%
Brittany
0%
Brocēni
0%
Brod-Posavina
0%
Brokopondo
0%
Brunei-Muara
0%
Brussels-Capital Region
0%
Brvenica
0%
Bryansk
0%
Bua
0%
Buada
0%
Bubanza
0%
Bucharest
0%
Budaka
0%
Bududa
0%
Budva
0%
Bueng Kan
0%
Buenos Aires
0%
Bugiri
0%
Bugweri
0%
Buhweju
0%
Buikwe
0%
Bujumbura Mairie
0%
Bujumbura Rural
0%
Bukedea
0%
Bukhara
0%
Bukomansimbi
0%
Bukwa
0%
Bulambuli
0%
Bulawayo
0%
Bulgan
0%
Buliisa
0%
Bumthang
0%
Bundibugyo
0%
Bungoma
0%
Bunyangabu
0%
Burdur
0%
Burgenland
0%
Buriram
0%
Bursa
0%
Burtnieki
0%
Bururi
0%
Buryatia
0%
Busan
0%
Bushehr
0%
Bushenyi
0%
Busia
0%
Busia
0%
Butaleja
0%
Butambala
0%
Butaritari
0%
Butebo
0%
Butel
0%
Butha-Buthe
0%
Butnan
0%
Buvuma
0%
Buyende
0%
Buzău
0%
Caaguazú
0%
Caazapá
0%
Cabañas
0%
Cabinda
0%
Cabo Delgado
0%
Cacheu
0%
Cagayan Valley
0%
Cahul
0%
Čair
0%
Cairo
0%
Cajamarca
0%
Cakaudrove
0%
Calabria
0%
Călărași
0%
Călărași
0%
Caldas
0%
California
0%
Callao
0%
Camagüey
0%
Cà Mau
0%
Campania
0%
Campeche
0%
Çanakkale
0%
Cañar
0%
Canary Islands
0%
Canillo
0%
Canindeyú
0%
Çankırı
0%
Cankova
0%
Cankuzo
0%
Cantabria
0%
Cantagalo
0%
Cantemir
0%
Canterbury
0%
Cao Bằng
0%
Capellen
0%
Capital
0%
Capital District
0%
Capital District
0%
Capital Territory
0%
Caquetá
0%
Carabobo
0%
Caraga
0%
Caraș-Severin
0%
Carazo
0%
Carchi
0%
Carinthia
0%
Carlow
0%
Carnikava
0%
Carriacou and Petite Martinique
0%
Cartago
0%
Casablanca-Settat
0%
Casanare
0%
Cascade
0%
Cascades
0%
Čaška
0%
Castelo Branco
0%
Castile and León
0%
Castilla-La Mancha
0%
Castries
0%
Catalonia
0%
Catamarca
0%
Cat Island
0%
Cauca
0%
Caué
0%
Căușeni
0%
Cavan
0%
Cayman Islands
0%
Cayo
0%
Ceará
0%
Celje
0%
Centar
0%
Centar Župa
0%
Central
0%
Central
0%
Central
0%
Central
0%
Central
0%
Central
0%
Central
0%
Central
0%
Central
0%
Central
0%
Central
0%
Central Abaco
0%
Central Andros
0%
Central Banat
0%
Central Bohemian
0%
Central Darfur
0%
Central Eleuthera
0%
Central Equatoria
0%
Central Finland
0%
Central Greece
0%
Central Java
0%
Central Kalimantan
0%
Central Luzon
0%
Central Macedonia
0%
Central Ostrobothnia
0%
Central River
0%
Central Singapore
0%
Central Sulawesi
0%
Central Visayas
0%
Centre
0%
Centre
0%
Centre-Est
0%
Centre-Nord
0%
Centre-Ouest
0%
Centre-Sud
0%
Centre-Val de Loire
0%
Centro Sur
0%
Cerklje na Gorenjskem
0%
Cerknica
0%
Cerkno
0%
Cerkvenjak
0%
Cerro Largo
0%
Cesar
0%
Češinovo-Obleševo
0%
Cēsis
0%
Cesvaine
0%
Cetinje
0%
Ceuta
0%
Chachoengsao
0%
Chaco
0%
Chagang
0%
Chaguanas
0%
Chaharmahal and Bakhtiari
0%
Chai Nat
0%
Chaiyaphum
0%
Chalatenango
0%
Champasak
0%
Chandigarh
0%
Changhua
0%
Chanthaburi
0%
Chari-Baguirmi
0%
Charlotte
0%
Chatham Islands
0%
Chechnya
0%
Chelyabinsk
0%
Cherkasy
0%
Chernihiv
0%
Chernivtsi
0%
Chhattisgarh
0%
Chhukha
0%
Chiang Mai
0%
Chiang Rai
0%
Chiapas
0%
Chiayi
0%
Chiayi
0%
Chiba
0%
Chiesanuova
0%
Chimaltenango
0%
Chimborazo
0%
Chin
0%
Chinandega
0%
Chiquimula
0%
Chiriquí
0%
Chișinău
0%
Chlef
0%
Chobe
0%
Chocó
0%
Choiseul
0%
Choiseul
0%
Choluteca
0%
Chonburi
0%
Chongqing
0%
Chontales
0%
Christ Church
0%
Christmas Island
0%
Chubut
0%
Chukotka
0%
Chumphon
0%
Chuquisaca
0%
Chuuk
0%
Chuvashia
0%
Chuy
0%
Cibitoke
0%
Cibla
0%
Ciego de Ávila
0%
Cienfuegos
0%
Cimișlia
0%
Cirkulane
0%
City of Freeport
0%
City of San Marino
0%
Ciudad de Buenos Aires
0%
Clare
0%
Clarendon
0%
Clervaux
0%
Cluj
0%
Cần Thơ
0%
Coahuila
0%
Cochabamba
0%
Coclé
0%
Coimbra
0%
Cojedes
0%
Colima
0%
Collines
0%
Colón
0%
Colón
0%
Colonia
0%
Colorado
0%
Comayagua
0%
Commewijne
0%
Community of Madrid
0%
Comoé
0%
Conakry
0%
Connecticut
0%
Constanța
0%
Constantine
0%
Cook Islands
0%
Copán
0%
Copperbelt
0%
Coquimbo
0%
Cordillera
0%
Cordillera
0%
Córdoba
0%
Córdoba
0%
Cork
0%
Cork
0%
Coronie
0%
Corozal
0%
Corrientes
0%
Corsica
0%
Cortés
0%
Çorum
0%
Cotopaxi
0%
Couva–Tabaquite–Talparo
0%
Covalima
0%
Covasna
0%
Črenšovci
0%
Crete
0%
Crimea
0%
Criuleni
0%
Črna na Koroškem
0%
Črnomelj
0%
Crooked Island
0%
Cross River
0%
Csongrád
0%
Cuando Cubango
0%
Cuanza Norte
0%
Cuanza Sul
0%
Čučer-Sandevo
0%
Cundinamarca
0%
Cunene
0%
Curaçao
0%
Cuscatlán
0%
Cusco
0%
Cuvette
0%
Cuvette-Ouest
0%
Cuyuni-Mazaruni
0%
Dadra and Nagar Haveli
0%
Daegu
0%
Daejeon
0%
Dagana
0%
Dagda
0%
Dagestan
0%
Dajabón
0%
Dakahlia
0%
Dakhla-Oued Ed-Dahab
0%
Dakhlet Nouadhibou
0%
Dalabyggð
0%
Dalarna
0%
Dalvíkurbyggð
0%
Daman and Diu
0%
Damascus
0%
Dâmbovița
0%
Damietta
0%
Danilovgrad
0%
Đà Nẵng
0%
Danu
0%
Daraa
0%
Dar es Salaam
0%
Darién
0%
Darkhan-Uul
0%
Dashkasan
0%
Daşoguz
0%
Daugavpils
0%
Daugavpils
0%
Dauphin
0%
Davao
0%
Daykundi
0%
Debar
0%
Debarca
0%
Debub
0%
Deir ez-Zor
0%
Delaware
0%
Delčevo
0%
Delhi
0%
Delta
0%
Delta Amacuro
0%
Demerara-Mahaica
0%
Demir Hisar
0%
Demir Kapija
0%
Denguélé
0%
Denigomodu
0%
Denizli
0%
Dennery
0%
Derna
0%
Destrnik
0%
Dhaka
0%
Dhale
0%
Dhamar
0%
Dhi Qar
0%
Dhofar
0%
Diana
0%
Dibër
0%
Diego Martin
0%
Diekirch
0%
Diffa
0%
Dikhil
0%
Dili
0%
Điện Biên
0%
Diourbel
0%
Dire Dawa
0%
District of Columbia
0%
Districts of Republican Subordination
0%
Distrito Capital
0%
Distrito Federal
0%
Distrito Nacional
0%
Divača
0%
Diyala
0%
Diyarbakır
0%
Djanet
0%
Djelfa
0%
Djibloho
0%
Djibouti
0%
Djúpavogshreppur
0%
Đắk Lắk
0%
Đắk Nông
0%
Đồng Nai
0%
Đồng Tháp
0%
Dnipropetrovsk
0%
Dobele
0%
Dobje
0%
Dobrepolje
0%
Dobrna
0%
Dobrova–Polhov Gradec
0%
Dobrovnik
0%
Dodoma
0%
Dojran
0%
Dokolo
0%
Dolenjske Toplice
0%
Dolj
0%
Dolneni
0%
Dol pri Ljubljani
0%
Domagnano
0%
Domžale
0%
Dondușeni
0%
Donegal
0%
Dornava
0%
Dornod
0%
Dornogovi
0%
Dosso
0%
Drâa-Tafilalet
0%
Dravograd
0%
Drenthe
0%
Drochia
0%
Duarte
0%
Dubai
0%
Dubăsari
0%
Dublin
0%
Dubrovnik-Neretva
0%
Duhok
0%
Dundaga
0%
Dundgovi
0%
Dún Laoghaire–Rathdown
0%
Duplek
0%
Durango
0%
Durazno
0%
Durbe
0%
Durrës
0%
Dushanbe
0%
Düzce
0%
East
0%
East Azerbaijan
0%
East Berbice-Corentyne
0%
East Darfur
0%
Eastern
0%
Eastern
0%
Eastern
0%
Eastern
0%
Eastern Cape
0%
Eastern Equatoria
0%
Eastern Highlands
0%
Eastern Macedonia and Thrace
0%
Eastern Province
0%
Eastern Visayas
0%
East Grand Bahama
0%
East Java
0%
East Kalimantan
0%
East Kazakhstan
0%
East New Britain
0%
East Nusa Tenggara
0%
East Sepik
0%
Ebon Atoll
0%
Ebonyi
0%
Echternach
0%
Edineț
0%
Edirne
0%
Edo
0%
Ehime
0%
Ekiti
0%
Elazığ
0%
Elbasan
0%
El Bayadh
0%
Elgeyo-Marakwet
0%
Elías Piña
0%
El Menia
0%
El M'Ghair
0%
El Oro
0%
El Oued
0%
El Paraíso
0%
El Progreso
0%
El Seibo
0%
El Taref
0%
Emberá-Wounaan
0%
Embu
0%
Emilia-Romagna
0%
Encamp
0%
Enewetok
0%
Enga
0%
England
0%
English River
0%
Engure
0%
Ennedi-Est
0%
Ennedi-Ouest
0%
Entre Ríos
0%
Enugu
0%
Epirus
0%
Équateur
0%
Ērgļi
0%
Ermera
0%
Erongo
0%
Erzincan
0%
Erzurum
0%
Escaldes-Engordany
0%
Eschen
0%
Esch-sur-Alzette
0%
Escuintla
0%
Eskişehir
0%
Esmeraldas
0%
Espaillat
0%
Espirito Santo
0%
Essequibo Islands-West Demerara
0%
Estelí
0%
Estuaire
0%
Évora
0%
Ewa
0%
Exuma
0%
Eyjafjarðarsveit
0%
Eyja- og Miklaholtshreppur
0%
Faadhippolhu
0%
Fa'asaleleaga
0%
Faetano
0%
Faiyum
0%
Falcón
0%
Fălești
0%
Falkland Islands
0%
Famagusta
0%
Farah
0%
Faranah
0%
Far North
0%
Faro
0%
Faroe Islands
0%
Fars
0%
Farwaniya
0%
Faryab
0%
Fatick
0%
Federal Capital Territory
0%
Federal Dependencies
0%
Federation of Bosnia and Herzegovina
0%
Fejér
0%
Felidhu Atholhu
0%
Fergana
0%
Ferizaj
0%
Fier
0%
Fingal
0%
Fiorentino
0%
Fizuli
0%
Fjallabyggð
0%
Fjarðabyggð
0%
Flanders
0%
Flevoland
0%
Fljótsdalshérað
0%
Fljótsdalshreppur
0%
Flóahreppur
0%
Flores
0%
Florida
0%
Fontvieille
0%
Formosa
0%
Francisco Morazán
0%
Francistown
0%
Free State
0%
French Guiana
0%
French Polynesia
0%
Fribourg
0%
Friuli-Venezia Giulia
0%
Fujairah
0%
Fujian
0%
Fukui
0%
Fukuoka
0%
Fukushima
0%
Funafuti
0%
Fuvahmulah
0%
Gabès
0%
Gaborone
0%
Gabrovo
0%
Gabu
0%
Gadabay
0%
Gafsa
0%
Gaga'emauga
0%
Gaga'ifomauga
0%
Găgăuzia
0%
Galápagos
0%
Galați
0%
Galguduud
0%
Galway
0%
Galway
0%
Gambela
0%
Gamprin
0%
Gandaki
0%
Gangwon
0%
Ganja
0%
Gansu
0%
Garðabær
0%
Garissa
0%
Garkalne
0%
Gasa
0%
Gash-Barka
0%
Gauteng
0%
Gävleborg
0%
Gaza
0%
Gaziantep
0%
Gazi Baba
0%
Gbarpolu
0%
Gedo
0%
Gegharkunik
0%
Geita
0%
Gelderland
0%
Geneva
0%
Georgia
0%
Gevgelija
0%
Gharbia
0%
Ghardaïa
0%
Ghat
0%
Ghazni
0%
Ghor
0%
Gia Lai
0%
Gibraltar
0%
Gifu
0%
Gilan
0%
Giresun
0%
Gisborne
0%
Gitega
0%
Giurgiu
0%
Giza
0%
Gjakova
0%
Gjilan
0%
Gjirokastër
0%
Gjorče Petrov
0%
Glacis
0%
Glarus
0%
Glodeni
0%
Goa
0%
Gobustan
0%
Gôh-Djiboua
0%
Golestan
0%
Gomba
0%
Gombe
0%
Goranboy
0%
Gorenja Vas–Poljane
0%
Gorgol
0%
Gorišnica
0%
Gorj
0%
Gorje
0%
Gornja Radgona
0%
Gornji Grad
0%
Gornji Petrovci
0%
Gorno-Badakhshan
0%
Gorontalo
0%
Gostivar
0%
Gotland
0%
Govisumber
0%
Goychay
0%
Goygol
0%
Gozo
0%
Gracias a Dios
0%
Grad
0%
Gradsko
0%
Granada
0%
Grand'Anse
0%
Grand'Anse
0%
Grand'Anse Praslin
0%
Grand Bassa
0%
Grand Cape Mount
0%
Grand Cay
0%
Grande Comore
0%
Grand Est
0%
Grand Gedeh
0%
Grand Kru
0%
Granma
0%
Greater Accra
0%
Greater Poland
0%
Greenland
0%
Grenadines
0%
Grevenmacher
0%
Grímsnes- og Grafningshreppur
0%
Grindavíkurbær
0%
Grisons
0%
Grobiņa
0%
Grodno
0%
Groningen
0%
Gros Islet
0%
Grosuplje
0%
Grundarfjarðarbær
0%
Grýtubakkahreppur
0%
Guadalcanal
0%
Guadeloupe
0%
Guainía
0%
Guairá
0%
Guam
0%
Guanacaste
0%
Guanajuato
0%
Guangdong
0%
Guangxi
0%
Guantánamo
0%
Guarda
0%
Guárico
0%
Guatemala
0%
Guaviare
0%
Guayas
0%
Guelma
0%
Guelmim-Oued Noun
0%
Guéra
0%
Guernsey
0%
Guidimaka
0%
Gujarat
0%
Gulbene
0%
Gulf
0%
Gulu
0%
Gümüşhane
0%
Guna Yala
0%
Gunma
0%
Guria
0%
Gusinje
0%
Gwangju
0%
Gyeonggi
0%
Győr-Moson-Sopron
0%
Haa
0%
Ha'apai
0%
Haddhunmathi
0%
Hadjer-Lamis
0%
Hadramaut
0%
Hafnarfjörður
0%
Hà Giang
0%
Haifa
0%
Ha'il
0%
Hainan
0%
Hajdina
0%
Hajdú-Bihar
0%
Hajigabul
0%
Hajjah
0%
Hakkâri
0%
Halabja
0%
Halland
0%
Hama
0%
Hamadan
0%
Hamburg
0%
Hà Nam
0%
Hanover
0%
Harare
0%
Harari
0%
Harbour Island
0%
Hardap
0%
Harghita
0%
Harju
0%
Haryana
0%
Haskovo
0%
Hatay
0%
Hà Tĩnh
0%
Hatohobei
0%
Hato Mayor
0%
Haute-Kotto
0%
Haut-Katanga
0%
Haut-Lomami
0%
Haut-Mbomou
0%
Haut-Ogooué
0%
Hauts-Bassins
0%
Hauts-de-France
0%
Haut-Uele
0%
Hawaii
0%
Hawalli
0%
Hawke's Bay
0%
Hồ Chí Minh
0%
Hela
0%
Helgafellssveit
0%
Helmand
0%
Herat
0%
Herceg Novi
0%
Heredia
0%
Hermanas Mirabal
0%
Herrera
0%
Hesse
0%
Heves
0%
Hhohho
0%
Hidalgo
0%
Hải Dương
0%
Hiiu
0%
Himachal Pradesh
0%
Hîncești
0%
Hải Phòng
0%
Hiran
0%
Hiroshima
0%
Hòa Bình
0%
Hoče–Slivnica
0%
Hodh Ech Chargui
0%
Hodh El Gharbi
0%
Hodoš
0%
Hoima
0%
Hokkaido
0%
Holguín
0%
Holy Cross
0%
Homa Bay
0%
Homs
0%
Hong Kong
0%
Hope Town
0%
Hörgársveit
0%
Horjul
0%
Hormozgān
0%
Hornafjörður
0%
Houaphan
0%
Hovedstaden
0%
Hrastnik
0%
Hrpelje-Kozina
0%
Hrunamannahreppur
0%
Hsinchu
0%
Hsinchu
0%
Hualien
0%
Huambo
0%
Huancavelica
0%
Huánuco
0%
Hubei
0%
Huehuetenango
0%
Hậu Giang
0%
Huila
0%
Huíla
0%
Hunan
0%
Húnaþing vestra
0%
Húnavatnshreppur
0%
Hunedoara
0%
Hưng Yên
0%
Huvadhu Atholhu Dhekunuburi
0%
Huvadhu Atholhu Uthuruburi
0%
Hvalfjarðarsveit
0%
Hveragerði
0%
Hyōgo
0%
Ialomița
0%
Ialoveni
0%
Iași
0%
Ibanda
0%
Ibaraki
0%
Ibb
0%
Ica
0%
Ida-Viru
0%
Idlib
0%
Idrija
0%
Iecava
0%
Ig
0%
Iganga
0%
Iğdır
0%
Ihorombe
0%
Ijuw
0%
Ikšķile
0%
Ilam
0%
Île-de-France
0%
Ilfov
0%
Ilinden
0%
Ilirska Bistrica
0%
Illinois
0%
Illizi
0%
Ilocos
0%
Ilūkste
0%
Imbabura
0%
Imereti
0%
Imishli
0%
Imo
0%
Inagua
0%
Incheon
0%
Inchiri
0%
Inčukalns
0%
Independencia
0%
Indiana
0%
In Guezzam
0%
Ingushetia
0%
Inhambane
0%
Innlandet
0%
In Salah
0%
Intibucá
0%
Ionian Islands
0%
Irbid
0%
Iringa
0%
Irkutsk
0%
Isabel
0%
Ísafjarðarbær
0%
Ishikawa
0%
Isingiro
0%
Isiolo
0%
Isla de la Juventud
0%
Islamabad Capital Territory
0%
Isle of Man
0%
Ismailia
0%
Ismailli
0%
Isparta
0%
Issyk-Kul
0%
Istanbul
0%
Istria
0%
Itapúa
0%
Itasy
0%
Ituri
0%
Ivančna Gorica
0%
Ivano-Frankivsk
0%
Ivanovo
0%
Iwate
0%
Izabal
0%
İzmir
0%
Izola
0%
Jabal al Akhdar
0%
Jabal al Gharbi
0%
Jabat Island
0%
Jablanica
0%
Jabrayil
0%
Jafara
0%
Jahra
0%
Jalal-Abad
0%
Jalapa
0%
Jalilabad
0%
Jalisco
0%
Jaluit Atoll
0%
Jambi
0%
Jambyl
0%
Jammu and Kashmir
0%
Jämtland
0%
Järva
0%
Jász-Nagykun-Szolnok
0%
Jaunjelgava
0%
Jaunpiebalga
0%
Jaunpils
0%
Jawf
0%
Jegunovce
0%
Jeju
0%
Jēkabpils
0%
Jēkabpils
0%
Jelgava
0%
Jelgava
0%
Jendouba
0%
Jerash
0%
Jersey
0%
Jerusalem
0%
Jervis Bay Territory
0%
Jesenice
0%
Jewish
0%
Jezersko
0%
Jharkhand
0%
Jiangsu
0%
Jiangxi
0%
Jigawa
0%
Jijel
0%
Jilin
0%
Jinja
0%
Jinotega
0%
Jiwaka
0%
Jizan
0%
Jizzakh
0%
Jõgeva
0%
Johor
0%
Jonglei
0%
Jönköping
0%
Jowzjan
0%
Judea and Samaria Area
0%
Jufra
0%
Jujuy
0%
Julfa
0%
Junín
0%
Jura
0%
Jūrmala
0%
Juršinci
0%
Jutiapa
0%
Jwaneng
0%
Kaabong
0%
Kabale
0%
Kabardino-Balkar
0%
Kabarole
0%
Kaberamaido
0%
Kabul
0%
Kachin
0%
Kadavu
0%
Kaduna
0%
Kaesong
0%
Kafr El Sheikh
0%
Kagadi
0%
Kagawa
0%
Kagera
0%
Kagoshima
0%
Kahramanmaraş
0%
Kainuu
0%
Kairouan
0%
Kajiado
0%
Kakamega
0%
Kakheti
0%
Kakumiro
0%
Kalangala
0%
Kalasin
0%
Kalbajar
0%
Kaldrananeshreppur
0%
Kaliningrad
0%
Kaliro
0%
Kalmar
0%
Kalmykia
0%
Kaluga
0%
Kalungu
0%
Kamchatka
0%
Kamnik
0%
Kampala
0%
Kamphaeng Phet
0%
Kampong Cham
0%
Kampong Chhnang
0%
Kampong Speu
0%
Kampong Thom
0%
Kampot
0%
Kamuli
0%
Kamwenge
0%
Kanagawa
0%
Kanal
0%
Kanchanaburi
0%
Kandahar
0%
Kandal
0%
Kandava
0%
Kanem
0%
Kangarli
0%
Kangwon
0%
Kankan
0%
Kano
0%
Kanton
0%
Kanungu
0%
Kaohsiung
0%
Kaolack
0%
Kapchorwa
0%
Kapelebyong
0%
Kapisa
0%
Kara
0%
Karabük
0%
Karachay-Cherkessia
0%
Karak
0%
Karakalpakstan
0%
Karaman
0%
ǁKaras
0%
Karbala
0%
Karbinci
0%
Kardzhali
0%
Karelia
0%
Karenga
0%
Karlovac
0%
Karlovy Vary
0%
Karnali
0%
Karnataka
0%
Karpoš
0%
Kars
0%
Kārsava
0%
Karuzi
0%
Kasaï
0%
Kasaï-Central
0%
Kasaï-Oriental
0%
Kasanda
0%
Kasese
0%
Kassala
0%
Kasserine
0%
Kastamonu
0%
Katakwi
0%
Katsina
0%
Kavadarci
0%
Kavango East
0%
Kavango West
0%
Kayah
0%
Kayangel
0%
Kayanza
0%
Kayes
0%
Kayseri
0%
Kayunga
0%
Kazo
0%
Kebbi
0%
Kedah
0%
Kédougou
0%
Keelung
0%
Kef
0%
Ķegums
0%
Ķekava
0%
Kelantan
0%
Kemerovo
0%
Kémo
0%
Kentucky
0%
Kep
0%
Kerala
0%
Kericho
0%
Kerman
0%
Kermanshah
0%
Kerry
0%
Kgalagadi
0%
Kgatleng
0%
Khabarovsk
0%
Khachmaz
0%
Khakassia
0%
Khammouan
0%
Khánh Hòa
0%
Khankendi
0%
Khanty-Mansi
0%
Kharkiv
0%
Khartoum
0%
Khatlon
0%
Khenchela
0%
Khentii
0%
Kherson
0%
Khizi
0%
Khmelnytskyi
0%
Khojali
0%
Khojavend
0%
Khomas
0%
Khon Kaen
0%
Khost
0%
Khovd
0%
Khulna
0%
Khuvsgul
0%
Khuzestan
0%
Khyber Pakhtunkhwa
0%
Kiambu
0%
Kibaale
0%
Kiboga
0%
Kibuku
0%
Kibuube
0%
Kičevo
0%
Kidal
0%
Kidričevo
0%
Kiên Giang
0%
Kié-Ntem
0%
Kiev
0%
Kigali
0%
Kigoma
0%
Kildare
0%
Kili
0%
Kilifi
0%
Kilimanjaro
0%
Kilis
0%
Kilkenny
0%
Kindia
0%
Kingston
0%
Kinmen
0%
Kinshasa
0%
Kırıkkale
0%
Kirinyaga
0%
Kiritimati
0%
Kırklareli
0%
Kirov
0%
Kirovohrad
0%
Kırşehir
0%
Kiruhura
0%
Kirundo
0%
Kiryandongo
0%
Kisela Voda
0%
Kisii
0%
Kisoro
0%
Kisumu
0%
Kitagwenda
0%
Kitgum
0%
Kitui
0%
Kjósarhreppur
0%
Klaipėda
0%
Kobarid
0%
Kobilje
0%
Koboko
0%
Kocaeli
0%
Kočani
0%
Kocēni
0%
Kočevje
0%
Kōchi
0%
Kogi
0%
Kohgiluyeh and Boyer-Ahmad
0%
Koh Kong
0%
Kokang
0%
Koknese
0%
Kolašin
0%
Kolda
0%
Kole
0%
Kolhumadulu
0%
Kolubara
0%
Komen
0%
Komenda
0%
Konče
0%
Kongo Central
0%
Kon Tum
0%
Kópavogur
0%
Koper
0%
Koprivnica-Križevci
0%
Korçë
0%
Koror
0%
Košice
0%
Kosrae
0%
Kostanay
0%
Kostanjevica na Krki
0%
Kostel
0%
Kostroma
0%
Kotayk
0%
Kotido
0%
Kotor
0%
Kouffo
0%
Kouilou
0%
Koulikoro
0%
Kozje
0%
Krabi
0%
Kranj
0%
Kranjska Gora
0%
Krapina-Zagorje
0%
Krāslava
0%
Krasnodar
0%
Krasnoyarsk
0%
Kratié
0%
Kratovo
0%
Krimulda
0%
Kriva Palanka
0%
Krivogaštani
0%
Križevci
0%
Kronoberg
0%
Krško
0%
Kruševo
0%
Krustpils
0%
Kuala Lumpur
0%
Kufra
0%
Kukës
0%
Kuldīga
0%
Kumamoto
0%
Kumanovo
0%
Kumi
0%
Kunar
0%
Kunduz
0%
Kunene
0%
Kungota
0%
Kurdamir
0%
Kurdistan
0%
Kurgan
0%
Kuria
0%
Kursk
0%
Kütahya
0%
Kuyavian-Pomeranian
0%
Kuzma
0%
Kvemo Kartli
0%
Kwajalein Atoll
0%
Kwale
0%
Kwango
0%
Kwania
0%
Kwara
0%
KwaZulu-Natal
0%
Kween
0%
Kweneng
0%
Kwilu
0%
Kyankwanzi
0%
Kyegegwa
0%
Kyenjojo
0%
Kymenlaakso
0%
Kyotera
0%
Kyoto
0%
Kyrenia
0%
Kyustendil
0%
Kyzylorda
0%
La Altagracia
0%
Lääne
0%
Lääne-Viru
0%
Laâyoune-Sakia El Hamra
0%
Labé
0%
Laborie
0%
Labuan
0%
Lac
0%
Lachin
0%
La Condamine
0%
Lacs
0%
Ladakh
0%
La Digue and Inner Islands
0%
Lae Atoll
0%
Laghman
0%
Laghouat
0%
Lagos
0%
La Guajira
0%
Lagunes
0%
La Habana
0%
Lahij
0%
Lai Châu
0%
Laikipia
0%
Lakes
0%
Lakshadweep
0%
La Libertad
0%
La Libertad
0%
La Massana
0%
Lambayeque
0%
Lâm Đồng
0%
Lampang
0%
Lamphun
0%
Lampung
0%
Lamu
0%
Lamwo
0%
Langanesbyggð
0%
Lankaran
0%
Lankaran
0%
Lào Cai
0%
Laois
0%
La Pampa
0%
La Paz
0%
La Paz
0%
Lara
0%
La Rioja
0%
La Rioja
0%
Larnaca
0%
La Romana
0%
La Rousse
0%
Larvotto
0%
Laško
0%
Las Tunas
0%
Latakia
0%
Lau
0%
La Unión
0%
Lautém
0%
Lavalleja
0%
La Vega
0%
Lazio
0%
Lebap
0%
Leiria
0%
Leitrim
0%
Lékoumou
0%
Lembá
0%
Lempira
0%
Lenart
0%
Lendava
0%
Leningrad
0%
León
0%
Leova
0%
Leribe
0%
Lerik
0%
Les Mamelles
0%
Les Moneghetti
0%
Lezhë
0%
Lhuentse
0%
Liaoning
0%
Liberec
0%
Lib Island
0%
Lielvārde
0%
Lienchiang
0%
Liepāja
0%
Līgatne
0%
Liguria
0%
Lika-Senj
0%
Likiep Atoll
0%
Likouala
0%
Lima
0%
Limassol
0%
Limbaži
0%
Limburg
0%
Limerick
0%
Limón
0%
Limpopo
0%
Lindi
0%
Lipetsk
0%
Lipkovo
0%
Liquiçá
0%
Lira
0%
Lisbon
0%
Litija
0%
Litoral
0%
Littoral
0%
Littoral
0%
Līvāni
0%
Ljubno
0%
Ljutomer
0%
Lạng Sơn
0%
Lobata
0%
Lobatse
0%
Lobaye
0%
Łódź
0%
Loei
0%
Lofa
0%
Logar
0%
Logatec
0%
Log-Dragomer
0%
Logone Occidental
0%
Loja
0%
Lomaiviti
0%
Lomami
0%
Lombardy
0%
Long An
0%
Longford
0%
Long Island
0%
Lopburi
0%
Lorestan
0%
Loreto
0%
Lori
0%
Loška Dolina
0%
Loški Potok
0%
Los Lagos
0%
Los Ríos
0%
Los Ríos
0%
Los Santos
0%
Louangphabang
0%
Louga
0%
Louisiana
0%
Louth
0%
Lovrenc na Pohorju
0%
Lower Juba
0%
Lower River
0%
Lower Saxony
0%
Lower Shabelle
0%
Lower Silesian
0%
Lozovo
0%
Lualaba
0%
Luanda
0%
Luang Namtha
0%
Luapula
0%
Lubāna
0%
Lublin
0%
Lubombo
0%
Lubusz
0%
Luče
0%
Ludza
0%
Lukovica
0%
Lunda Norte
0%
Lusaka
0%
Lusot
0%
Luuka
0%
Luweero
0%
Luxembourg
0%
Luxor
0%
Luzern
0%
Lviv
0%
Lwengo
0%
Lyantonde
0%
Maalhosmadulu Dhekunuburi
0%
Maalhosmadulu Uthuruburi
0%
Macau
0%
Machakos
0%
Macuata
0%
Mačva
0%
Madaba
0%
Madang
0%
Madeira
0%
Madhya Pradesh
0%
Madinah
0%
Madi-Okollo
0%
Madona
0%
Madre de Dios
0%
Madriz
0%
Mae Hong Son
0%
Maekel
0%
Mafeteng
0%
Mafraq
0%
Magadan
0%
Magallanes
0%
Magdalena
0%
Magway
0%
Mahaica-Berbice
0%
Maha Sarakham
0%
Mahdia
0%
Maiana
0%
Mai-Ndombe
0%
Maio
0%
Majšperk
0%
Majuro Atoll
0%
Makamba
0%
Makedonska Kamenica
0%
Makedonski Brod
0%
Makin
0%
Makira-Ulawa
0%
Makkah
0%
Makole
0%
Makueni
0%
Malacca
0%
Malaita
0%
Malampa
0%
Malanje
0%
Malatya
0%
Maldonado
0%
Malé
0%
Malé Atholhu
0%
Maloelap Atoll
0%
Mālpils
0%
Maluku
0%
Mambéré-Kadéï
0%
Mamou
0%
Manabí
0%
Manafwa
0%
Managua
0%
Manatuto
0%
Manawatu-Wanganui
0%
Manchester
0%
Mandalay
0%
Mandera
0%
Mandoul
0%
Mangrove Cay
0%
Mangystau
0%
Manica
0%
Manicaland
0%
Maniema
0%
Manipur
0%
Manisa
0%
Manouba
0%
Manufahi
0%
Manus
0%
Manyara
0%
Manzini
0%
Maputo
0%
Maputo
0%
Mara
0%
Maracha
0%
Maradi
0%
Marakei
0%
Maramureș
0%
Maranhão
0%
Marche
0%
Mardin
0%
Margibi
0%
María Trinidad Sánchez
0%
Ma'rib
0%
Maribor
0%
Mari El
0%
Marijampolė
0%
Maritime
0%
Marj
0%
Markazi
0%
Markovci
0%
Marlborough
0%
Marowijne
0%
Marrakesh-Safi
0%
Marsabit
0%
Martinique
0%
Mārupe
0%
Mary
0%
Maryland
0%
Maryland
0%
Masaka
0%
Masally
0%
Masaya
0%
Mascara
0%
Maseru
0%
Mashonaland Central
0%
Mashonaland East
0%
Mashonaland West
0%
Masindi
0%
Masovian
0%
Massachusetts
0%
Masvingo
0%
Matabeleland North
0%
Matabeleland South
0%
Matagalpa
0%
Matam
0%
Matanzas
0%
Mato Grosso
0%
Mato Grosso do Sul
0%
Matrouh
0%
Matsiatra Ambony
0%
Maule
0%
Mauren
0%
Mauritius
0%
Mavrovo and Rostuša
0%
Mayabeque
0%
Mayaguana
0%
Mayaro–Rio Claro
0%
Mayo
0%
Mayo-Kebbi Est
0%
Mayo-Kebbi Ouest
0%
Mayotte
0%
Maysan
0%
Mayuge
0%
Mazandaran
0%
Mazsalaca
0%
Mbale
0%
Mbarara
0%
Mbeya
0%
Mbomou
0%
Meath
0%
Mecklenburg-Vorpommern
0%
Médéa
0%
Medenine
0%
Međimurje
0%
Medvode
0%
Meghalaya
0%
Mehedinți
0%
Mejit Island
0%
Melaky
0%
Melekeok
0%
Melilla
0%
Menabe
0%
Ménaka
0%
Mendoza
0%
Meneng
0%
Mengeš
0%
Mérida
0%
Mersch
0%
Mersin
0%
Mērsrags
0%
Meru
0%
Meta
0%
Metlika
0%
México
0%
Mexico City
0%
Mežica
0%
Mé-Zóchi
0%
Miaoli
0%
Michoacán
0%
Micoud
0%
Middle Juba
0%
Middle Shabelle
0%
Midlands
0%
Midtjylland
0%
Mie
0%
Migori
0%
Miklavž na Dravskem Polju
0%
Mila
0%
Miladhunmadulu Dhekunuburi
0%
Miladhunmadulu Uthuruburi
0%
Mili Atoll
0%
Milne Bay
0%
Minas Geráis
0%
Mingachevir
0%
Minnesota
0%
Minsk
0%
Minsk
0%
Minya
0%
Miranda
0%
Miren-Kostanjevica
0%
Mirna
0%
Mirna Peč
0%
Misiones
0%
Misiones
0%
Mislinja
0%
Misrata
0%
Mitooma
0%
Mitrovica
0%
Mityana
0%
Miyagi
0%
Miyazaki
0%
Mizoram
0%
Mjini Magharibi
0%
Mogila
0%
Mohale's Hoek
0%
Mohéli
0%
Mojkovac
0%
Mokhotlong
0%
Mokronog-Trebelno
0%
Molise
0%
Mombasa
0%
Mon
0%
Monaco-Ville
0%
Monagas
0%
Monaghan
0%
Monastir
0%
Mondulkiri
0%
Mongala
0%
Mongar
0%
Mono
0%
Monseñor Nouel
0%
Montagnes
0%
Montana
0%
Mont Buxton
0%
Monte Cristi
0%
Montegiardino
0%
Monte Plata
0%
Montevideo
0%
Mont Fleuri
0%
Montserrado
0%
Montserrat
0%
Monufia
0%
Moore's Island
0%
Mopti
0%
Moquegua
0%
Moravče
0%
Moravian-Silesian
0%
Moravica
0%
Moravske Toplice
0%
Morazán
0%
Mordovia
0%
Morelos
0%
Møre og Romsdal
0%
Morobe
0%
Morogoro
0%
Morona Santiago
0%
Moroto
0%
Moscow
0%
Mosfellsbær
0%
Mostaganem
0%
Mosteiros
0%
Mount Athos
0%
Mount Lebanon
0%
Moxico
0%
Moyen-Chari
0%
Moyen-Ogooué
0%
Moyo
0%
Mozirje
0%
Mpigi
0%
Mpumalanga
0%
M'sila
0%
Mtskheta-Mtianeti
0%
Mtwara
0%
Mubarak Al-Kabeer
0%
Mubende
0%
Muchinga
0%
Mudug
0%
Muğla
0%
Muharraq
0%
Mukdahan
0%
Mukono
0%
Mulak Atholhu
0%
Muramvya
0%
Murang'a
0%
Mureș
0%
Murmansk
0%
Murqub
0%
Murska Sobota
0%
Murzuq
0%
Muş
0%
Musandam
0%
Muscat
0%
Muta
0%
Muthanna
0%
Muyinga
0%
Mwanza
0%
Mwaro
0%
Mykolaiv
0%
Mymensingh
0%
Mýrdalshreppur
0%
Naâma
0%
Nabatieh
0%
Nabeul
0%
Nabilatuk
0%
Nadroga-Navosa
0%
Naftalan
0%
Naga
0%
Nagaland
0%
Nagano
0%
Nagasaki
0%
Nairobi
0%
Naitasiri
0%
Najaf
0%
Najran
0%
Nakapiripirit
0%
Nakaseke
0%
Nakasongola
0%
Nakhchivan
0%
Nakhon Nayok
0%
Nakhon Pathom
0%
Nakhon Phanom
0%
Nakhon Ratchasima
0%
Nakhon Sawan
0%
Nakhon Si Thammarat
0%
Naklo
0%
Nakuru
0%
Nalut
0%
Namangan
0%
Namayingo
0%
Nam Định
0%
Namibe
0%
Namisindwa
0%
Namorik Atoll
0%
Namosi
0%
Nampo
0%
Nampula
0%
Namu Atoll
0%
Namutumba
0%
Nan
0%
Nana-Grébizi
0%
Nana-Mambéré
0%
Nandi
0%
Nangarhar
0%
Nantou
0%
Nanumanga
0%
Nanumea
0%
Napak
0%
Napo
0%
Nara
0%
Narathiwat
0%
Nariño
0%
Narok
0%
Naryn
0%
Nasarawa
0%
National Capital
0%
National Capital District
0%
Naukšēni
0%
Navoiy
0%
Nayarit
0%
Naypyidaw
0%
Nazarje
0%
N'Djamena
0%
Neamț
0%
Nebbi
0%
Ñeembucú
0%
Neftchala
0%
Negeri Sembilan
0%
Negotino
0%
Nelson
0%
Nenets
0%
Nereta
0%
Neuchâtel
0%
Neuquén
0%
Nevis
0%
Nevşehir
0%
New Caledonia
0%
Newfoundland and Labrador
0%
New Hampshire
0%
New Ireland
0%
New Jersey
0%
New Providence
0%
New Taipei
0%
New Valley
0%
New York
0%
Ngäbe-Buglé
0%
Ngaraard
0%
Ngarchelong
0%
Ngardmau
0%
Ngatpang
0%
Ngchesar
0%
Ngeremlengui
0%
Nghệ An
0%
Ngiwal
0%
Ngora
0%
Ngounié
0%
Ngozi
0%
Niamey
0%
Niari
0%
Niassa
0%
Nibok
0%
Nīca
0%
Nickerie
0%
Nicosia
0%
Nidwalden
0%
Niğde
0%
Niger
0%
Niigata
0%
Nikšić
0%
Nikunau
0%
Nilandhe Atholhu Dhekunuburi
0%
Nilandhe Atholhu Uthuruburi
0%
Nimba
0%
Nimruz
0%
Nineveh
0%
Ningxia
0%
Ninh Bình
0%
Ninh Thuận
0%
Nippes
0%
Nišava
0%
Nisporeni
0%
Niue
0%
Niulakita
0%
Niutao
0%
Nizhny Novgorod
0%
Njombe
0%
Nógrád
0%
Nong Bua Lamphu
0%
Nong Khai
0%
Nonouti
0%
Nonthaburi
0%
Nord
0%
Nord
0%
Nord-Est
0%
Nordjylland
0%
Nordland
0%
Nord-Ouest
0%
Nord-Ubangi
0%
Norðurþing
0%
Norfolk Island
0%
Normandy
0%
Norrbotten
0%
Norte de Santander
0%
North
0%
North
0%
North Abaco
0%
North Aegean
0%
North Andros
0%
North Bačka
0%
North Banat
0%
North Bank
0%
North Brabant
0%
North Caribbean Coast
0%
North Carolina
0%
North Central
0%
North Chungcheong
0%
North Darfur
0%
North East
0%
North East
0%
North-East
0%
North Eleuthera
0%
Northern
0%
Northern
0%
Northern
0%
Northern
0%
Northern
0%
Northern
0%
Northern
0%
Northern
0%
Northern
0%
Northern Bahr el Ghazal
0%
Northern Borders
0%
Northern Cape
0%
Northern Ireland
0%
Northern Mariana Islands
0%
Northern Mindanao
0%
Northern Red Sea
0%
Northern Savonia
0%
Northern Territory
0%
North Gyeongsang
0%
North Hamgyong
0%
North Holland
0%
North Hwanghae
0%
North Jeolla
0%
North Kalimantan
0%
North Karelia
0%
North Kazakhstan
0%
North Khorasan
0%
North Kivu
0%
North Kordofan
0%
Northland
0%
North Maluku
0%
North Ostrobothnia
0%
North Pyongan
0%
North Rhine-Westphalia
0%
North Sinai
0%
North Sulawesi
0%
North Sumatra
0%
North Tabiteuea
0%
North Tarawa
0%
North West
0%
North-West
0%
North West
0%
Northwest
0%
North West
0%
North-Western
0%
North Western
0%
Northwest Territories
0%
Nouakchott-Nord
0%
Nouakchott-Ouest
0%
Nouakchott-Sud
0%
Novaci
0%
Nova Gorica
0%
Nova Scotia
0%
Novgorod
0%
Novo Mesto
0%
Novo Selo
0%
Novosibirsk
0%
Ntoroko
0%
Ntungamo
0%
Ñuble
0%
Nueva Esparta
0%
Nueva Segovia
0%
Nuevo León
0%
Nugal
0%
Nui
0%
Nukufetau
0%
Nukulaelae
0%
Nunavut
0%
Nuqat al Khams
0%
Nuristan
0%
Nur-Sultan
0%
Nwoya
0%
Nyamira
0%
Nyandarua
0%
Nyanga
0%
Nyeri
0%
Nzérékoré
0%
Obock
0%
Obongi
0%
Obwalden
0%
Occitanie
0%
Ocnița
0%
Ocotepeque
0%
Oddar Meanchey
0%
Odisha
0%
Odranci
0%
Oecusse
0%
Offaly
0%
Oghuz
0%
Ogooué-Ivindo
0%
Ogooué-Lolo
0%
Ogooué-Maritime
0%
Ogre
0%
Ogun
0%
Ohangwena
0%
O'Higgins
0%
Ohio
0%
Ohrid
0%
Oio
0%
Ōita
0%
Okayama
0%
Okinawa
0%
Oklahoma
0%
Olaine
0%
Olancho
0%
Ölfus
0%
Olomouc
0%
Olt
0%
Omaheke
0%
Ombella-M'Poko
0%
Omoro
0%
Omsk
0%
Omusati
0%
Ondo
0%
Ongo Niua
0%
Onotoa
0%
Oplotnica
0%
Opole
0%
Oran
0%
Orange Walk
0%
Orapa
0%
Ordino
0%
Ordu
0%
Ordubad
0%
Orellana
0%
Orenburg
0%
Orhei
0%
Oriental
0%
Orkhon
0%
Ormož
0%
Oro
0%
Oromia
0%
Oruro
0%
Oryol
0%
Osaka
0%
Osh
0%
Osh
0%
Oshana
0%
Oshikoto
0%
Osijek-Baranja
0%
Osilnica
0%
Oslo
0%
Osmaniye
0%
Östergötland
0%
Ostrobothnia
0%
Osun
0%
Otago
0%
Oti
0%
Otjozondjupa
0%
Otuke
0%
Ouaddaï
0%
Ouaka
0%
Ouargla
0%
Oudômxai
0%
Ouémé
0%
Ouest
0%
Ouham
0%
Ouham-Pendé
0%
Ouled Djellal
0%
Oum el-Bouaghi
0%
Outer Islands
0%
Overijssel
0%
Oyam
0%
Oyo
0%
Ozolnieki
0%
Pader
0%
Pahang
0%
Päijänne Tavastia
0%
Pailin
0%
Paktia
0%
Paktika
0%
Pakwach
0%
Palauli
0%
Pa Laung
0%
Pallisa
0%
Panamá
0%
Panamá Oeste
0%
Pando
0%
Panevėžys
0%
Panjshir
0%
Pa'O
0%
Paphos
0%
Papua
0%
Para
0%
Pará
0%
Paraguarí
0%
Paraíba
0%
Paramaribo
0%
Pardubice
0%
Pārgauja
0%
Pärnu
0%
Paro
0%
Parwan
0%
Pasco
0%
Pastaza
0%
Pathum Thani
0%
Pattani
0%
Pattaya
0%
Paul
0%
Pāvilosta
0%
Pavlodar
0%
Paysandú
0%
Pays de la Loire
0%
Pazardzhik
0%
Pčinja
0%
Pedernales
0%
Pehčevo
0%
Peja
0%
Peleliu
0%
Peloponnese
0%
Pema Gatshel
0%
Pemba North
0%
Pemba South
0%
Penal–Debe
0%
Penama
0%
Penang
0%
Penghu
0%
Pennsylvania
0%
Penza
0%
Perak
0%
Peravia
0%
Perlis
0%
Pernambuco
0%
Pernik
0%
Pesnica
0%
Pest
0%
Petén
0%
Petnjica
0%
Petrovec
0%
Phang Nga
0%
Phatthalung
0%
Phayao
0%
Phetchabun
0%
Phetchaburi
0%
Phichit
0%
Phitsanulok
0%
Phnom Penh
0%
Phôngsali
0%
Phrae
0%
Phra Nakhon Si Ayutthaya
0%
Phuket
0%
Phú Thọ
0%
Phú Yên
0%
Piauí
0%
Pibor
0%
Pichincha
0%
Piedmont
0%
Pinar del Río
0%
Pingtung
0%
Piran
0%
Pirkanmaa
0%
Pirot
0%
Pitcairn Islands
0%
Piura
0%
Pivka
0%
Plaisance
0%
Planken
0%
Plasnica
0%
Plateau
0%
Plateau
0%
Plateau-Central
0%
Plateaux
0%
Plateaux
0%
Plav
0%
Pļaviņas
0%
Pleven
0%
Pljevlja
0%
Plovdiv
0%
Plužine
0%
Plzeň
0%
Podčetrtek
0%
Podgorica
0%
Podlehnik
0%
Podunavlje
0%
Podvelka
0%
Pohnpei
0%
Pointe La Rue
0%
Pointe-Noire
0%
Point Fortin
0%
Poljčane
0%
Poltava
0%
Põlva
0%
Polzela
0%
Pomeranian
0%
Pomeroon-Supenaam
0%
Pomoravlje
0%
Portalegre
0%
Port Glaud
0%
Portland
0%
Porto
0%
Port of Spain
0%
Porto Novo
0%
Port Said
0%
Portuguesa
0%
Postojna
0%
Potaro-Siparuni
0%
Potosí
0%
Požega-Slavonia
0%
Prachinburi
0%
Prachuap Khiri Khan
0%
Prague
0%
Prahova
0%
Praia
0%
Praslin
0%
Preah Sihanouk
0%
Preah Vihear
0%
Prebold
0%
Preddvor
0%
Preiļi
0%
Presidente Hayes
0%
Prešov
0%
Prevalje
0%
Prey Veng
0%
Priekule
0%
Priekuļi
0%
Prilep
0%
Primorje-Gorski Kotar
0%
Primorsky
0%
Prince Edward Island
0%
Princes Town
0%
Príncipe
0%
Pristina
0%
Prizren
0%
Probištip
0%
Provence-Alpes-Côte d'Azur
0%
Province No. 1
0%
Province No. 2
0%
Province No. 5
0%
Pskov
0%
Ptuj
0%
Puconci
0%
Puducherry
0%
Puebla
0%
Puerto Plata
0%
Puerto Rico
0%
Punakha
0%
Punjab
0%
Punjab
0%
Puno
0%
Puntarenas
0%
Pursat
0%
Putrajaya
0%
Pwani
0%
Pyongyang
0%
Qabala
0%
Qacha's Nek
0%
Qakh
0%
Qalyubiyya
0%
Qashqadaryo
0%
Qassim
0%
Qazakh
0%
Qazvin
0%
Qena
0%
Qinghai
0%
Qom
0%
Quba
0%
Qubadli
0%
Quebec
0%
Queensland
0%
Querétaro
0%
Quetzaltenango
0%
Quiché
0%
Quinara
0%
Quindío
0%
Quintana Roo
0%
Quneitra
0%
Quảng Bình
0%
Quảng Nam
0%
Quảng Ngãi
0%
Quảng Ninh
0%
Quảng Trị
0%
Qusar
0%
Quthing
0%
Ra
0%
Rabat-Salé-Kénitra
0%
Rače–Fram
0%
Racha-Lechkhumi and Kvemo Svaneti
0%
Radeče
0%
Radenci
0%
Radlje ob Dravi
0%
Radoviš
0%
Radovljica
0%
Ragged Island
0%
Rajasthan
0%
Rajshahi
0%
Rakai
0%
Rakhine
0%
Rangárþing eystra
0%
Rangárþing ytra
0%
Rangpur
0%
Rankovce
0%
Ranong
0%
Rapla
0%
Raqqa
0%
Ras Al Khaimah
0%
Rasina
0%
Raška
0%
Rason
0%
Ratanak Kiri
0%
Ratchaburi
0%
Rauna
0%
Ravin de Sainte-Dévote
0%
Ravne na Koroškem
0%
Raymah
0%
Rayong
0%
Razavi Khorasan
0%
Razgrad
0%
Razkrižje
0%
Rečica ob Savinji
0%
Redange
0%
Red Sea
0%
Red Sea
0%
Region of Murcia
0%
Relizane
0%
Remich
0%
Renče–Vogrsko
0%
Rennell and Bellona
0%
Republika Srpska
0%
Resen
0%
Retalhuleu
0%
Réunion
0%
Rewa
0%
Reykhólahreppur
0%
Reykjanesbær
0%
Reykjavík
0%
Rēzekne
0%
Rēzekne
0%
Rezina
0%
Rhineland-Palatinate
0%
Rhode Island
0%
Riau
0%
Riau Islands
0%
Ribeira Brava
0%
Ribeira Grande
0%
Ribeira Grande de Santiago
0%
Ribnica
0%
Ribnica na Pohorju
0%
Riebiņi
0%
Rif Dimashq
0%
Riga
0%
Rio de Janeiro
0%
Rio Grande do Norte
0%
Rio Grande do Sul
0%
Río Negro
0%
Rio Negro
0%
Río San Juan
0%
Risaralda
0%
Rîșcani
0%
Rivas
0%
Rivera
0%
Rivercess
0%
River Gee
0%
Rivers
0%
Rivne
0%
Riyadh
0%
Rize
0%
Rocha
0%
Roche Caïman
0%
Rodrigues
0%
Rogaland
0%
Rogaška Slatina
0%
Rogašovci
0%
Rogatec
0%
Roi Et
0%
Roja
0%
Rondônia
0%
Rongelap Atoll
0%
Ropaži
0%
Roráima
0%
Roscommon
0%
Rosoman
0%
Rostov
0%
Rotuma
0%
Rožaje
0%
Rubanda
0%
Rubirizi
0%
Rucava
0%
Rugāji
0%
Ruggell
0%
Rūjiena
0%
Rukiga
0%
Rukungiri
0%
Rukwa
0%
Rum Cay
0%
Rumonge
0%
Rundāle
0%
Ruše
0%
Ruse
0%
Rutana
0%
Ruvuma
0%
Ruweng
0%
Ruyigi
0%
Rwampara
0%
Ryanggang
0%
Ryazan
0%
Saare
0%
Saatly
0%
Saba
0%
Sabah
0%
Sabaragamuwa
0%
Sabha
0%
Sabirabad
0%
Sacatepéquez
0%
Sa'dah
0%
Sadarak
0%
Saga
0%
Sagaing
0%
Sahel
0%
Saïda
0%
Saint Andrew
0%
Saint Andrew
0%
Saint Andrew
0%
Saint Andrew
0%
Saint Andrew
0%
Saint Ann
0%
Saint Barthélemy
0%
Saint Brandon
0%
Saint Catherine
0%
Saint David
0%
Saint David
0%
Saint David
0%
Saint Elizabeth
0%
Saint George
0%
Saint George
0%
Saint George
0%
Saint George
0%
Saint George
0%
Saint Helena, Ascension and Tristan da Cunha
0%
Saint James
0%
Saint James
0%
Saint John
0%
Saint John
0%
Saint John
0%
Saint John
0%
Saint Joseph
0%
Saint Joseph
0%
Saint Kitts
0%
Saint-Louis
0%
Saint Louis
0%
Saint Lucy
0%
Saint Luke
0%
Saint Mark
0%
Saint Mark
0%
Saint Martin
0%
Saint Mary
0%
Saint Mary
0%
Saint Michael
0%
Saint Patrick
0%
Saint Patrick
0%
Saint Patrick
0%
Saint Paul
0%
Saint Paul
0%
Saint Peter
0%
Saint Peter
0%
Saint Peter
0%
Saint Petersburg
0%
Saint Philip
0%
Saint Philip
0%
Saint Pierre and Miquelon
0%
Saint Thomas
0%
Saint Thomas
0%
Saitama
0%
Sa Kaeo
0%
Sakarya
0%
Sakha
0%
Sakhalin
0%
Sakon Nakhon
0%
Sal
0%
Sala
0%
Salacgrīva
0%
Saladin
0%
Sălaj
0%
Salamat
0%
Salaspils
0%
Salavan
0%
Saldus
0%
Šalovci
0%
Salta
0%
Salto
0%
Salyan
0%
Salzburg
0%
Samaná
0%
Samangan
0%
Samara
0%
Samarqand
0%
Samburu
0%
Samdrup Jongkhar
0%
Samegrelo-Zemo Svaneti
0%
Samsun
0%
Samtse
0%
Samtskhe-Javakheti
0%
Samukh
0%
Samut Prakan
0%
Samut Sakhon
0%
Samut Songkhram
0%
Sana'a
0%
Sanaag
0%
San Andrés, Providencia and Santa Catalina
0%
Sánchez Ramírez
0%
San Cristóbal
0%
Sancti Spíritus
0%
Sandaun
0%
San Fernando
0%
Sangha
0%
Sangha-Mbaéré
0%
Sangre Grande
0%
San José
0%
San José
0%
San José de Ocoa
0%
San Juan
0%
San Juan
0%
San Juan–Laventille
0%
Sankuru
0%
Şanlıurfa
0%
San Luis
0%
San Luis Potosí
0%
Sanma
0%
San Marcos
0%
San Martín
0%
San Miguel
0%
San Pedro
0%
San Pedro de Macorís
0%
San Salvador
0%
San Salvador
0%
Santa Ana
0%
Santa Bárbara
0%
Santa Catarina
0%
Santa Catarina do Fogo
0%
Santa Cruz
0%
Santa Cruz
0%
Santa Cruz
0%
Santa Elena
0%
Santa Fe
0%
Santander
0%
Santarém
0%
Santa Rosa
0%
Santiago
0%
Santiago
0%
Santiago de Cuba
0%
Santiago del Estero
0%
Santiago Rodríguez
0%
Sant Julià de Lòria
0%
Santo Domingo
0%
Santo Domingo de los Tsáchilas
0%
San Vicente
0%
São Domingos
0%
São Filipe
0%
São Lourenço dos Órgãos
0%
São Miguel
0%
São Paulo
0%
São Salvador do Mundo
0%
São Vicente
0%
Saraburi
0%
Saraj
0%
Saramacca
0%
Saratov
0%
Sarawak
0%
Sardinia
0%
Sar-e Pol
0%
Sarpang
0%
Saskatchewan
0%
Sassandra-Marahoué
0%
Satu Mare
0%
Satun
0%
Satupa'itea
0%
Saulkrasti
0%
Sava
0%
Savanes
0%
Savanes
0%
Savannah
0%
Savannakhét
0%
Saxony
0%
Saxony-Anhalt
0%
Schaan
0%
Schaffhausen
0%
Schellenberg
0%
Schwyz
0%
Sédhiou
0%
Ségou
0%
Sēja
0%
Sejong
0%
Selangor
0%
Selebi-Phikwe
0%
Selenge
0%
Selnica ob Dravi
0%
Seltjarnarnes
0%
Sembabule
0%
Semič
0%
Semnan
0%
Šempeter-Vrtojba
0%
Šenčur
0%
Sennar
0%
Šentilj
0%
Šentjernej
0%
Šentjur
0%
Šentrupert
0%
Seoul
0%
Serere
0%
Sergipe
0%
Serravalle
0%
Serua
0%
Sétif
0%
Setúbal
0%
Sevastopol
0%
Sevnica
0%
Seyðisfjörður
0%
Sežana
0%
Sfax
0%
Shaanxi
0%
Shabran
0%
Shabwah
0%
Shahbuz
0%
Shaki
0%
Shaki
0%
Shamakhi
0%
Shamkir
0%
Shan
0%
Shandong
0%
Shanghai
0%
Shanxi
0%
Sharjah
0%
Sharqia
0%
Sharur
0%
Sheema
0%
Shefa
0%
Shida Kartli
0%
Shiga
0%
Shimane
0%
Shinyanga
0%
Shirak
0%
Shirvan
0%
Shiselweni
0%
Shizuoka
0%
Shkodër
0%
Shumen
0%
Shusha
0%
Shusha
0%
Shymkent
0%
Šiauliai
0%
Siaya
0%
Siazan
0%
Šibenik-Knin
0%
Sibiu
0%
Sichuan
0%
Sicily
0%
Sidi Bel Abbès
0%
Sidi Bouzid
0%
Siem Reap
0%
Sigulda
0%
Siirt
0%
Sikasso
0%
Sila
0%
Silesian
0%
Siliana
0%
Silistra
0%
Simbu
0%
Simiyu
0%
Sindh
0%
Sing Buri
0%
Sîngerei
0%
Singida
0%
Sinoe
0%
Sinop
0%
Sint Eustatius
0%
Sint Maarten
0%
Sipaliwini
0%
Siparia
0%
Sirdaryo
0%
Şırnak
0%
Sironko
0%
Sisaket
0%
Sisak-Moslavina
0%
Sistan and Baluchestan
0%
Sivas
0%
Sjælland
0%
Skaftárhreppur
0%
Skagabyggð
0%
Skagafjörður
0%
Skagaströnd
0%
Skåne
0%
Skeiða- og Gnúpverjahreppur
0%
Skikda
0%
Škocjan
0%
Škofja Loka
0%
Škofljica
0%
Skorradalshreppur
0%
Skrīveri
0%
Skrunda
0%
Skútustaðahreppur
0%
Sligo
0%
Sliven
0%
Slovenj Gradec
0%
Slovenska Bistrica
0%
Slovenske Konjice
0%
Šmarje pri Jelšah
0%
Šmarješke Toplice
0%
Šmartno ob Paki
0%
Šmartno pri Litiji
0%
Smiltene
0%
Smolensk
0%
Smolyan
0%
Snæfellsbær
0%
SOCCSKSARGEN
0%
Socotra
0%
Sóc Trăng
0%
Södermanland
0%
Sodražica
0%
Sofala
0%
Sofia
0%
Sofia
0%
Sofia City
0%
Sohag
0%
Sokoto
0%
Solčava
0%
Șoldănești
0%
Sololá
0%
Solothurn
0%
Somali
0%
Somogy
0%
Songkhla
0%
Songwe
0%
Sơn La
0%
Sonora
0%
Sonsonate
0%
Sonsorol
0%
Sool
0%
Sopište
0%
Soriano
0%
Soroca
0%
Soroti
0%
Šoštanj
0%
Soufrière
0%
Souk Ahras
0%
Sousse
0%
Souss-Massa
0%
South
0%
South
0%
South Abaco
0%
South Aegean
0%
South Andros
0%
South Australia
0%
South Bačka
0%
South Banat
0%
South Bohemian
0%
South Caribbean Coast
0%
South Carolina
0%
South Chungcheong
0%
South Dakota
0%
South Darfur
0%
South Dublin
0%
South East
0%
South-East
0%
South Eastern
0%
Southeast Sulawesi
0%
South Eleuthera
0%
Southern
0%
Southern
0%
Southern
0%
Southern
0%
Southern
0%
Southern
0%
Southern
0%
Southern
0%
Southern
0%
Southern Highlands
0%
Southern Nations, Nationalities, and Peoples' Region
0%
Southern Red Sea
0%
Southern Savonia
0%
Southern Tagalog Mainland
0%
South Gyeongsang
0%
South Hamgyong
0%
South Holland
0%
South Hwanghae
0%
South Jeolla
0%
South Kalimantan
0%
South Karelia
0%
South Khorasan
0%
South Kivu
0%
South Kordofan
0%
Southland
0%
South Moravian
0%
South Ostrobothnia
0%
South Pyongan
0%
South Sinai
0%
South Sulawesi
0%
South Sumatra
0%
South Tabiteuea
0%
South Tarawa
0%
South West
0%
Southwest
0%
Southwestern Tagalog
0%
Southwest Finland
0%
Sowa
0%
Spanish Wells
0%
Special Capital Region of Jakarta
0%
Special Region of Yogyakarta
0%
Split-Dalmatia
0%
Središče ob Dravi
0%
Srem
0%
Stann Creek
0%
Stara Zagora
0%
Staro Nagoričane
0%
Starše
0%
Stavropol
0%
Ștefan Vodă
0%
Steung Treng
0%
St. Gallen
0%
Štip
0%
Stockholm
0%
Stopiņi
0%
Štore
0%
Strandabyggð
0%
Strășeni
0%
Straža
0%
Strenči
0%
Struga
0%
Strumica
0%
Studeničani
0%
Stykkishólmur
0%
Subcarpathian
0%
Suceava
0%
Suchitepéquez
0%
Sucre
0%
Sucre
0%
Sucumbíos
0%
Súðavíkurhreppur
0%
Sud-Est
0%
Sud-Ouest
0%
Sud-Ubangi
0%
Suðurnesjabær
0%
Sudurpashchim
0%
Suez
0%
Sughd
0%
Sukhbaatar
0%
Sukhothai
0%
Sulaymaniyah
0%
Šumadija
0%
Sumqayit
0%
Sumy
0%
Suphan Buri
0%
Surat Thani
0%
Surin
0%
Surxondaryo
0%
Šuto Orizari
0%
Svalbard
0%
Svalbarðshreppur
0%
Svalbarðsstrandarhreppur
0%
Svay Rieng
0%
Sverdlovsk
0%
Sveta Ana
0%
Sveta Trojica v Slovenskih Goricah
0%
Sveti Andraž v Slovenskih Goricah
0%
Sveti Jurij ob Ščavnici
0%
Sveti Jurij v Slovenskih Goricah
0%
Sveti Nikole
0%
Sveti Tomaž
0%
Sylhet
0%
Syunik
0%
Szabolcs-Szatmár-Bereg
0%
Tabasco
0%
Tabor
0%
Tabora
0%
Tabuaeran
0%
Tabuk
0%
Táchira
0%
Tacna
0%
Tacuarembó
0%
Tadjourah
0%
Tafea
0%
Tafilah
0%
Tagant
0%
Tahoua
0%
Taichung
0%
Tailevu
0%
Tainan
0%
Taipei
0%
Taita–Taveta
0%
Taitung
0%
Taiz
0%
Tak
0%
Takamaka
0%
Takéo
0%
Takhar
0%
Talas
0%
Tálknafjarðarhreppur
0%
Talsi
0%
Tamana
0%
Tamanghasset
0%
Tamaulipas
0%
Tambacounda
0%
Tambov
0%
Tamil Nadu
0%
Tana River
0%
Tandjilé
0%
Tanga
0%
Tanganyika
0%
Tanger-Tetouan-Al Hoceima
0%
Tanintharyi
0%
Taoudénit
0%
Taoyuan
0%
Taraba
0%
Taraclia
0%
Taranaki
0%
Tarapacá
0%
Targovishte
0%
Tarija
0%
Tarrafal
0%
Tarrafal de São Nicolau
0%
Tartar
0%
Tartu
0%
Tartus
0%
Tashkent
0%
Tashkent
0%
Tasman
0%
Tataouine
0%
Tatarstan
0%
Tauragė
0%
Tavastia Proper
0%
Tavush
0%
Tây Ninh
0%
Tbilisi
0%
Tboung Khmum
0%
Tearce
0%
Tébessa
0%
Tehran
0%
Tekirdağ
0%
Telangana
0%
Tel Aviv
0%
Telenești
0%
Teleorman
0%
Telšiai
0%
Temburong
0%
Temotu
0%
Teraina
0%
Terengganu
0%
Ternopil
0%
Tērvete
0%
Tetovo
0%
Texas
0%
Thaba-Tseka
0%
Thái Bình
0%
Thái Nguyên
0%
Thanh Hóa
0%
Tharaka-Nithi
0%
Thừa Thiên-Huế
0%
Thessaly
0%
Thiès
0%
Thiladhunmathi Dhekunuburi
0%
Thiladhunmathi Uthuruburi
0%
Thimphu
0%
Þingeyjarsveit
0%
Thurgau
0%
Tianjin
0%
Tiaret
0%
Tibesti
0%
Tibet
0%
Ticino
0%
Tierra del Fuego
0%
Tigray
0%
Tillabéri
0%
Timimoun
0%
Timiș
0%
Tindouf
0%
Tiền Giang
0%
Tipaza
0%
Tipperary
0%
Tiranë
0%
Tiris Zemmour
0%
Tišina
0%
Tissemsilt
0%
Tivat
0%
Tizi Ouzou
0%
Tjörneshreppur
0%
Tlaxcala
0%
Tlemcen
0%
Tobago
0%
Tocantins
0%
Tochigi
0%
Togdheer
0%
Tokat
0%
Tokelau
0%
Tokushima
0%
Tokyo
0%
Toledo
0%
Tolima
0%
Tolmin
0%
Tolna
0%
Tombali
0%
Tombouctou
0%
Tomsk
0%
Tongatapu
0%
Toplica
0%
Torba
0%
Tororo
0%
Totonicapán
0%
Tottori
0%
Touggourt
0%
Tovuz
0%
Toyama
0%
Tozeur
0%
Trabzon
0%
Trang
0%
Transnistria
0%
Trans-Nzoia
0%
Trarza
0%
Trashigang
0%
Trashi Yangtse
0%
Trat
0%
Trà Vinh
0%
Trbovlje
0%
Trebnje
0%
Treinta y Tres
0%
Trelawny
0%
Trenčín
0%
Trentino-South Tyrol
0%
Triesen
0%
Triesenberg
0%
Tripoli
0%
Tripura
0%
Trnava
0%
Trnovska Vas
0%
Trøndelag
0%
Trongsa
0%
Trujillo
0%
Tržič
0%
Trzin
0%
Tshopo
0%
Tshuapa
0%
Tsirang
0%
Tuamasaga
0%
Tucumán
0%
Tukums
0%
Tula
0%
Tulcea
0%
Tumbes
0%
Tunapuna–Piarco
0%
Tunceli
0%
Tungurahua
0%
Tunis
0%
Turkana
0%
Turkistan
0%
Turks and Caicos Islands
0%
Turnišče
0%
Tuscany
0%
Tutong
0%
Tuv
0%
Tuyên Quang
0%
Tuzi
0%
Tver
0%
Tyumen
0%
Uaboe
0%
Uasin Gishu
0%
Ubon Ratchathani
0%
Ucayali
0%
Udmurtia
0%
Udon Thani
0%
Uíge
0%
Ujae Atoll
0%
Ujar
0%
Ulaanbaatar
0%
Ulcinj
0%
Ulsan
0%
Ulyanovsk
0%
Umbria
0%
Umm Al Quwain
0%
Umm Salal
0%
Umnugovi
0%
Ungheni
0%
Unguja North
0%
Unguja South
0%
United States Virgin Islands
0%
Unity
0%
Upper Austria
0%
Upper Demerara-Berbice
0%
Upper East
0%
Upper Nile
0%
Upper River
0%
Upper Takutu-Upper Essequibo
0%
Upper West
0%
Uppsala
0%
Uri
0%
Urozgan
0%
Uşak
0%
Ústí nad Labem
0%
Usulután
0%
Utah
0%
Utena
0%
Uthai Thani
0%
Utirik Atoll
0%
Utrecht
0%
Uttaradit
0%
Uttar Pradesh
0%
Uusimaa
0%
Uva
0%
Uvs
0%
Uvurkhangai
0%
Va'a-o-Fonoti
0%
Vaiņode
0%
Vaisigano
0%
Vaitupu
0%
Vakaga
0%
Vakinankaratra
0%
Valais
0%
Valandovo
0%
Vâlcea
0%
Valencian Community
0%
Valga
0%
Valka
0%
Valle
0%
Valle del Cauca
0%
Vallée du Bandama
0%
Valmiera
0%
Valparaíso
0%
Valverde
0%
Van
0%
Varakļāni
0%
Varaždin
0%
Vargas
0%
Vārkava
0%
Värmland
0%
Varna
0%
Vas
0%
Vasilevo
0%
Vaslui
0%
Västerbotten
0%
Västernorrland
0%
Västmanland
0%
Vatican City
0%
Vatovavy-Fitovinany
0%
Vaud
0%
Vaupés
0%
Vava'u
0%
Vayots Dzor
0%
Vecpiebalga
0%
Vecumnieki
0%
Velenje
0%
Veles
0%
Velika Polana
0%
Velike Lašče
0%
Veliko Tarnovo
0%
Veneto
0%
Ventspils
0%
Ventspils
0%
Veracruz
0%
Veraguas
0%
Vermont
0%
Veržej
0%
Vestfold og Telemark
0%
Vestland
0%
Vestmannaeyjar
0%
Vesturbyggð
0%
Veszprém
0%
Vevčani
0%
Viana do Castelo
0%
Vianden
0%
Victoria
0%
Videm
0%
Vidin
0%
Vienna
0%
Vientiane
0%
Vientiane
0%
Viesīte
0%
Vieux Fort
0%
Vihiga
0%
Viken
0%
Viļaka
0%
Viļāni
0%
Vila Real
0%
Viljandi
0%
Villa Clara
0%
Vilnius
0%
Vĩnh Long
0%
Vĩnh Phúc
0%
Vinica
0%
Vinnytsia
0%
Vipava
0%
Viqueque
0%
Virginia
0%
Virovitica-Podravina
0%
Viseu
0%
Vitanje
0%
Vitebsk
0%
Vladimir
0%
Vlorë
0%
Vodice
0%
Vogar
0%
Vojnik
0%
Volgograd
0%
Vologda
0%
Volta
0%
Volyn
0%
Vopnafjarðarhreppur
0%
Vorarlberg
0%
Võru
0%
Vrancea
0%
Vransko
0%
Vrapčište
0%
Vratsa
0%
Vrhnika
0%
Vukovar-Srijem
0%
Vuzenica
0%
Vysočina
0%
Wa
0%
Wadi al Hayaa
0%
Wadi Fira
0%
Waikato
0%
Wakayama
0%
Wakiso
0%
Wallis and Futuna
0%
Wangdue Phodrang
0%
Wanica
0%
Wardak
0%
Warmian-Masurian
0%
Warrap
0%
Washington
0%
Wasit
0%
Waterford
0%
Wele-Nzas
0%
Wellington
0%
West
0%
West Azerbaijan
0%
West Bačka
0%
West Bengal
0%
West Coast
0%
West Coast
0%
West Darfur
0%
Western
0%
Western
0%
Western
0%
Western
0%
Western
0%
Western
0%
Western
0%
Western Australia
0%
Western Bahr el Ghazal
0%
Western Cape
0%
Western Equatoria
0%
Western Greece
0%
Western Highlands
0%
Western Macedonia
0%
Western Visayas
0%
West Grand Bahama
0%
West Java
0%
West Kalimantan
0%
West Kazakhstan
0%
West Kordofan
0%
Westmeath
0%
Westmoreland
0%
West Nusa Tenggara
0%
West Papua
0%
West Pokot
0%
West Pomeranian
0%
West Sulawesi
0%
West Sumatra
0%
West Virginia
0%
Wexford
0%
White Nile
0%
Wicklow
0%
Wiltz
0%
Wisconsin
0%
Woleu-Ntem
0%
Woqooyi Galbeed
0%
Woroba
0%
Wotho Atoll
0%
Wotje Atoll
0%
Xaignabouli
0%
Xaisomboun
0%
Xékong
0%
Xiangkhouang
0%
Xinjiang Uyghur
0%
Xorazm
0%
Yala
0%
Yalova
0%
Yamagata
0%
Yamaguchi
0%
Yamalo-Nenets
0%
Yamanashi
0%
Yambol
0%
Yamoussoukro
0%
Yangon
0%
Yap
0%
Yaracuy
0%
Yardymli
0%
Yaren
0%
Yaroslavl
0%
Yasothon
0%
Yazd
0%
Yên Bái
0%
Yerevan
0%
Yevlakh
0%
Yevlakh
0%
Yilan
0%
Yobe
0%
Yoro
0%
Yozgat
0%
Yucatán
0%
Yukon
0%
Yumbe
0%
Yunlin
0%
Žabljak
0%
Zabul
0%
Zacapa
0%
Zacatecas
0%
Zadar
0%
Zaghouan
0%
Zagorje ob Savi
0%
Zagreb
0%
Zagreb
0%
Zaire
0%
Zaječar
0%
Zakarpattia
0%
Žalec
0%
Zambezia
0%
Zamboanga Peninsula
0%
Zamfara
0%
Zamora-Chinchipe
0%
Zangilan
0%
Zanjan
0%
Zanzan
0%
Zaporizhia
0%
Zaqatala
0%
Zardab
0%
Zarqa
0%
Zavkhan
0%
Zavrč
0%
Zawiya
0%
Zeeland
0%
Zelenikovo
0%
Železniki
0%
Želino
0%
Žetale
0%
Zhejiang
0%
Zhemgang
0%
Zhytomyr
0%
Ziguinchor
0%
Žilina
0%
Zilupe
0%
Zinder
0%
Žiri
0%
Žirovnica
0%
Zlatibor
0%
Zlín
0%
Zombo
0%
Zonguldak
0%
Zou
0%
Zreče
0%
Zrnovci
0%
Zug
0%
Zulia
0%
Zürich
0%
Žužemberk
0%

Score Distribution

Percentile by Number Answered

Percent of People with Each Score

Your Score History

You have not taken this quiz